Szczegóły MARC21

Chiny a świat : współczesny chiński model ekonomiczny /

003 -Nazwa inst., której nr kontr. jest w polu 001 [,]
    • @
    • Nazwa instytucji, której n kontrolny jest w polu 001
    • NUKAT
005 -DATA I CZAS OSTATNIEJ MODYFIKACJI [,]
    • @
    • pole kontrolne
    • 20241231114534.0
020 -Międzynarod. znormalizowany nr książki - ISBN [ , ]
    • a
    • Numer ISBN
    • 9788373789050 Find
040 -Instytucja sporządzająca opis [ , ]
    • a
    • Instytucja, która sporządziła opis (NP)
    • KIEL 010/KZ
    • c
    • Instytucja, która sporządziła rekord (NP)
    • KIEL 010/KZ
    • d
    • Instytucja, która zmodyfikowała rekord (P)
    • KIEL 010/KZ
    • d
    • Instytucja, która zmodyfikowała rekord (P)
    • KR 306/LS
    • d
    • Instytucja, która zmodyfikowała rekord (P)
    • OLSZT 003/DKs
    • d
    • Instytucja, która zmodyfikowała rekord (P)
    • WA M/AH
942 -Rodzaj dokumentu [ , ]
    • c
    • Rodzaj dokumentu
    • Książka
100 -Hasło główne - nazwa osobowa [1, ]
    • a
    • Nazwa osobowa (NP)
    • Chołaj, Henryk
    • d
    • Daty biograficzne (NP)
    • (1927-2017).
    • 9
    • KHW
    • 31578
245 -Strefa tytułu i oznaczenia odpowiedzialności [1,0]
    • a
    • Tytuł
    • Chiny a świat : Find
    • b
    • Ciąg dalszy tytułu (NP)
    • współczesny chiński model ekonomiczny / Find
    • c
    • Pozostałe elementy strefy tytułu i oznaczenia odpowiedzialności (NP)
    • Henryk Chołaj.
260 -Strefa adresu wydawniczego [ , ]
    • a
    • Miejsce wydania (P)
    • Warszawa :
    • b
    • Nazwa wydawcy (P)
    • Oficyna Wydawnicza Szkoła Główna Handlowa,
    • c
    • Data wydania (P)
    • 2014.
300 -Strefa opisu fizycznego [ , ]
    • a
    • Określenie formy książki i/lub objętość (NP)
    • 267, [3] s. ;
    • c
    • Format (NP)
    • 25 cm.
336 -Typ zawartości [ , ]
    • a
    • Termin opisujący typ zawartości
    • Tekst
    • b
    • Kod określający zawartość
    • txt
    • 2
    • Źródło (terminu i kodu)
    • rdacontent
337 -Typ mediów [ , ]
    • a
    • Tryb odtwarzania
    • Bez urządzenia pośredniczącego
    • b
    • Kod typu mediów
    • n
    • 2
    • Źródło (terminu i kodu)
    • rdamedia
338 -Typ/rodzaj nośnika [ , ]
    • a
    • Hasło opisujące typ nośnika
    • Wolumin
    • b
    • Kod typu nośnika
    • nc
    • 2
    • Źródło (terminu i kodu)
    • rdacarrier
500 -Uwaga ogólna [ , ]
    • a
    • Uwaga ogólna (NP)
    • Stanowi t. 2 trylogii o współczesnej gospodarce chińskiej, t. 1 pt.: Powrót olbrzyma w zglobalizowanym świecie, t. 3 pt.: Kapitalizm konfucjański?
504 -Uwaga dot. bibliogr. załącznikowej [ , ]
    • a
    • Uwaga dot. bibliografii załącznikowej
    • Bibliogr. s. 261-267.
080 -Uniwersalna Klasyfikacja Dziesiętna [ , ]
    • 2
    • Identyfikator wydania tablic
    • UDC-P058
    • 9
    • UKD
    • 10028
    • a
    • Symbol klasyfikacji
    • 338.1(510)
    • b
    • Dopowiedzenie
    • Sytuacja gospodarcza Chin.
    • 4
    • UKD2
    • 8606
    • x
    • Poddział wspólny
    • "19/20"
    • c
    • Dopowiedzenie poddz. wspólnego
    • Wiek XX/XXI.
080 -Uniwersalna Klasyfikacja Dziesiętna [ , ]
    • 2
    • Identyfikator wydania tablic
    • UDC-P058
    • 9
    • UKD
    • 3219
    • a
    • Symbol klasyfikacji
    • 338.24.021.8
    • b
    • Dopowiedzenie
    • Reformy gospodarcze. Transformacja gospodarki. Restrukturyzacja gospodarki. Konwersja gospodarki
    • 4
    • UKD2
    • 8606
    • x
    • Poddział wspólny
    • "19/20"
    • c
    • Dopowiedzenie poddz. wspólnego
    • Wiek XX/XXI.
080 -Uniwersalna Klasyfikacja Dziesiętna [ , ]
    • 2
    • Identyfikator wydania tablic
    • UDC-P058
    • 9
    • UKD
    • 2843
    • a
    • Symbol klasyfikacji
    • 321
    • b
    • Dopowiedzenie
    • Formy organizacji politycznej. Państwo jako władza polityczna. Ustrój państwowy.
    • 4
    • UKD2
    • 8606
    • x
    • Poddział wspólny
    • "19/20"
    • c
    • Dopowiedzenie poddz. wspólnego
    • Wiek XX/XXI.
080 -Uniwersalna Klasyfikacja Dziesiętna [ , ]
    • 2
    • Identyfikator wydania tablic
    • UDC-P058
    • 9
    • UKD
    • 2892
    • a
    • Symbol klasyfikacji
    • 327
    • b
    • Dopowiedzenie
    • Międzynarodowe stosunki polityczne. Polityka światowa. Polityka międzynarodowa. Polityka zagraniczna. Dyplomacja.
    • 4
    • UKD2
    • 8655
    • x
    • Poddział wspólny
    • (510)
    • c
    • Dopowiedzenie poddz. wspólnego
    • (Chiny. Chińska Republika Ludowa).
    • 4
    • UKD2
    • 8606
    • x
    • Poddział wspólny
    • "19/20"
    • c
    • Dopowiedzenie poddz. wspólnego
    • Wiek XX/XXI.
650 -Hasło przedmiotowe [ ,7]
    • a
    • Hasło przedmiotowe
    • Socjalizm
    • z
    • Określnik geograficzny
    • Chiny
    • y
    • Określnik chronologiczny
    • 1945-.
    • 2
    • Źródło terminu
    • kaba
    • 9
    • KHW
    • 386942
651 -Hasło przedmiotowe w formie nazwy geograficznej [ ,7]
    • a
    • Nazwa geograficzna
    • Chiny
    • x
    • Określnik rzeczowy
    • polityka gospodarcza
    • y
    • Określnik chronologiczny
    • 1976-.
    • 2
    • Źródło terminu
    • kaba
    • 9
    • KHW
    • 104588
651 -Hasło przedmiotowe w formie nazwy geograficznej [ ,7]
    • a
    • Nazwa geograficzna
    • Chiny
    • x
    • Określnik rzeczowy
    • polityka i rządy
    • y
    • Określnik chronologiczny
    • 1976-2002.
    • 2
    • Źródło terminu
    • kaba
    • 9
    • KHW
    • 104592
651 -Hasło przedmiotowe w formie nazwy geograficznej [ ,7]
    • a
    • Nazwa geograficzna
    • Chiny
    • x
    • Określnik rzeczowy
    • polityka i rządy
    • y
    • Określnik chronologiczny
    • 2002-.
    • 2
    • Źródło terminu
    • kaba
    • 9
    • KHW
    • 189998
980 -Symbol UKD [ , ]
    • a
    • UKD
    • 338.1:338.24.021.8:321:327](510)"19/20"
710 -Hasło dodatkowe - nazwa ciała zbiorowego [2, ]
    • a
    • Nazwa ciała zbiorowego lub nazwa geograficzna jako pierwszy element (NP)
    • Szkoła Główna Handlowa (Warszawa).
    • b
    • Nazwa jednostki podrzędnej (P)
    • Oficyna Wydawnicza.
    • 4
    • Kod relacji
    • pbl
    • 9
    • KHW
    • 50749
920 -ISBN [ , ]
    • a
    • ISBN
    • 978-83-7378-905-0 Find
Lokalizacja Data inwentaryzacji Status udost. Numer inwentarzowy
BE2014-11-14-2E.75465